Statistics for Common Engineering Unit Conversions

Click here to take the quiz!

General Stats

  • This quiz has been taken 59 times
  • The average score is 5 of 42

Answer Stats

UnitConversionAnswer% Correct
1 ft_ in12
98%
1 in_ cm2.54
57%
1 mile_ ft5280
50%
1 in_ ft.083
33%
1 tonne_ kg1000
33%
1 gallon_ quarts4
29%
1 mile_ km1.61
26%
1 quart_ pints2
26%
1 ton_ lbs2000
24%
1 kg_ lbs2.2
24%
1 meter_ ft3.28
24%
1 cub. yd_ cb. ft27
21%
1 cubic meter_ liters1000
19%
1 hectare_ sq. meters10000
10%
1 sq. mile_ acres640
7%
1 tonne_ tons1.1
5%
Concrete_ lb/ft^3140
5%
1 bar_ psi14.5
5%
1 gallon_ liters3.79
5%
1 acre_ sq ft43560
5%
Water_ lb/ft^362.4
5%
1 cubic ft water_ lbs62.4
5%
1 cubic ft_ gallons7.48
5%
1 gallon water_ lbs8.34
5%
Sand_ lb/ft^3100
2%
Gravel_ lb/ft^3105
2%
1 sq. meter_ sq. ft10.76
2%
1 bar_ atm14.7
2%
1 psi_ ft water2.31
2%
1 hectare_ acres2.47
2%
1 psi_ inches water27.1
2%
Wood_ lb/ft^333
2%
1 BTU_ Joule1055.6
0%
Saw Dust_ lb/ft^313.11
0%
1 kw_ hp1.34
0%
1 mpa_ psi145.04
0%
Wood Chips_ lb/ft^323.72
0%
1 Hp_ BTU/hr2544.4
0%
1 Watt-hr_ BTU3.41
0%
Steel_ lb/ft^3493.18
0%
1 Hp_ FT-Lb/sec550
0%
1 BTU_ FT-Lb778.17
0%

Score Distribution

Percentile by Number Answered

Percent of People with Each Score

Your Score History

You have not taken this quiz